000 00287nam a22001337a 4500
008 170715b xxu||||| |||| 00| 0 eng d
020 _a0299094545
041 _aeng
080 _a572
100 _a24
101 _aANT
245 _aOBSERVERS OBSERVED
_cSTOCKING,G.W
942 _2udc
_cBK
999 _c21040
_d21040